Learning and teaching in higher education : (Record no. 3126)
[ view plain ]
| 000 -LEADER | |
|---|---|
| fixed length control field | 00759nam a22002412 4500 |
| 001 - CONTROL NUMBER | |
| control field | 0000006924 |
| 005 - DATE AND TIME OF LATEST TRANSACTION | |
| control field | 20151217145833.0 |
| 008 - FIXED-LENGTH DATA ELEMENTS--GENERAL INFORMATION | |
| fixed length control field | 071026s xx 000 0 eng d |
| 020 ## - INTERNATIONAL STANDARD BOOK NUMBER | |
| International Standard Book Number | 076196553x : |
| Terms of availability | KES |
| 040 ## - CATALOGING SOURCE | |
| Original cataloging agency | KABU |
| Transcribing agency | KABU |
| 100 1# - MAIN ENTRY--PERSONAL NAME | |
| Personal name | Light, Greg. |
| -- | 0000157903 |
| 245 10 - TITLE STATEMENT | |
| Title | Learning and teaching in higher education : |
| Remainder of title | the reflective professional / |
| Statement of responsibility, etc. | Greg Light and Roy Cox. |
| 260 ## - PUBLICATION, DISTRIBUTION, ETC. (IMPRINT) | |
| Place of publication, distribution, etc. | London : |
| Name of publisher, distributor, etc. | Sage, |
| Date of publication, distribution, etc. | 2001. |
| 300 ## - PHYSICAL DESCRIPTION | |
| Extent | x, 277 p. |
| 650 #0 - SUBJECT ADDED ENTRY--TOPICAL TERM | |
| Topical term or geographic name as entry element | College teaching. |
| -- | 0000157900 |
| 650 #0 - SUBJECT ADDED ENTRY--TOPICAL TERM | |
| Topical term or geographic name as entry element | Reflective teaching. |
| -- | 0000157904 |
| 700 1# - ADDED ENTRY--PERSONAL NAME | |
| Personal name | Cox, Roy. |
| -- | 0000157905 |
| 908 ## - PUT COMMAND PARAMETER (RLIN) | |
| Put command parameter | 071026 |
| 950 ## - LOCAL HOLDINGS (RLIN) | |
| -- | 1 |
| Withdrawn status | Lost status | Source of classification or shelving scheme | Not for loan | Home library | Current library | Date acquired | Total Checkouts | Full call number | Barcode | Date last seen | Date last checked out | Price effective from | Koha item type | Total Renewals |
|---|---|---|---|---|---|---|---|---|---|---|---|---|---|---|
| Library of Congress Classification | Kabarak, Main Campus | Kabarak, Main Campus | 17/12/2015 | 1 | LB2331 .L54 | 010849 | 30/07/2024 | 03/08/2023 | 17/12/2015 | General Collection | ||||
| Library of Congress Classification | Kabarak, Main Campus | Kabarak, Main Campus | 17/12/2015 | 5 | LB2331 .L54 | 012857 | 04/11/2020 | 12/03/2020 | 17/12/2015 | General Collection | 2 |